000 00674nam a2200289Ia 4500
005 20260324133715.0
008 008 260324s9999 xx 000 0 eng d
020 _a9781315198064
037 _aEBOOK
040 _aCRL
040 _beng
040 _cCRL
041 _2eng
041 _aeng
084 _qCRL
100 _aTimo Kivimäki
_91163043
245 0 _aUS-Indonesian Hegemonic Bargaining
245 0 _bStrength of Weakness
260 _bTaylor and Francis
260 _c2003
365 _a
365 _b145
856 _uhttp://www.taylorfrancis.com/books/9781315198064
942 _cEBOOK
999 _c1793422
_d1793422